LEADER 01156nam a2200277 u 4500 001 000000057449 003 CaOOAMICUS 005 20070226120602.0 008 010509s1974 it u000 u ita u 035 $a10887970 040 $aPUL(R)$bita 041 1 $aita$hfre 100 1 $aGaraudy, Roger.$0(OLS)http://pul/name/40093 240 10$aClefs pour Karl Marx.$lItaliano.$0(OLS)http://pul/title/76911 245 10$aKarl Marx /$cRoger Garaudy ; traduzione di Marilena Feldbauer. 260 $aFirenze :$bSonzogno,$c1974. 300 $a219 p. ;$c18 cm 490 1 $aUniversale Sonzogno.$aSaggi ;$v2 600 14$aMarx, Karl,$d1818-1883$xPensiero politico e sociale.$0(OLS)http://pul/subject/7204 700 1 $aFeldbauer, Marilena.$0(OLS)http://pul/name/40103 830 0$aUniversale Sonzogno.$pSaggi ;$v2.$0(OLS)http://pul/title/76912 850 $aPUL 852 $aPUL$W1$xDP1 Altre Collocazioni$y17$mSenza collocazione$j12$nBK-PRI$b $qStampati$B75151$CPULBib$Z2$F75151 $H $81 941 1 $a8 996 $6245$aKarl Marx$9(OLS)http://pul/title/76780 996 $6260$aFirenze :$bSonzogno$9(OLS)http://pul/publisher/69444 LEADER 01514nam a2200313 a 4500 001 000000156955 003 CaOOAMICUS 005 20161201104622.0 008 161201s1953 it u000 u ita r 032 $aLibriCat 040 $aPUL$bita 100 1 $aBeschin, Felice,$cO.F.M.$0(OLS)http://pul/name/100111 245 10$aP. Idelfonso da Bressanvido catechista (1696-1777) /$cP. Felice Beschin O.F.M. 260 $aVicenza :$bLa Serafica,$c1953. 300 $aXIII, 89 p. ;$c25 cm. 502 $aTesi -- Pontificio Ateneo Antoniano. Facoltą Teologica. 1952. 504 $aBibliografia in nota. 600 04$aIdelfonso da Bressanvido,$cO.F.M.,$d1696-1777.$0(OLS)http://pul/subject/44037 650 4$aDio$xDottrina ebraica.$0(OLS)http://pul/subject/38139 710 2 $aPontificio Ateneo Antoniano.$bFacoltą di Teologia.$kTesi.$0(OLS)http://pul/name/99830 850 $aPUL 852 $aPUL$W1$xDP1 Tesi Pon. At. Antonianum$y30$mTH ANT TH87$j180240$qTesi$B183365$CPULBib$Z2$F183365 $H17072 $82 910 $aPontificium Athenaeum Antonianum.$bFacultas Theologiae.$kTesi$999830 910 $aPontificia Universitą Antonianum.$bFacoltą di teologia.$kTesi$999830 910 $aPontificia Universitą Antonianum.$bFacoltą di teologia.$kTesi$999830 941 1 $a16 996 $6245$aP. Idelfonso da Bressanvido catechista (1696-1777)$9(OLS)http://pul/title/196554 996 $6260$aVicenza :$bLa Serafica$9(OLS)http://pul/publisher/85730